Tilastot visalle Nimeä 38 Kasvista

Klikkaa tästä pelataksesi tätä visaa!

Yleistilastot

  • Tätä visaa on pelattu 311 kertaa
  • Keskiarvotulos 23 / 38

Vastaustilastot

Vastaus% Oikein
Porkkana
100%
Kukkakaali
98%
Maissi
96%
Peruna
95%
Parsa
94%
Punajuuri
89%
Parsakaali
88%
Kurkku
86%
Inkivääri
85%
Bataatti
84%
Paprika
83%
Retiisi
82%
Valkosipuli
82%
Ruusukaali
78%
Herne
76%
Munakoiso
75%
Raparperi
75%
Tomaatti
69%
Lehtikaali
68%
Keräkaali
65%
Persilja
63%
Ruohosipuli
63%
Pinaatti
59%
Kesäkurpitsa
56%
Nauris
55%
Palsternakka
54%
Kyssäkaali
49%
Purjo
49%
Lanttu
48%
Artisokka
45%
Fenkoli
36%
Kastanja
27%
Härkäpapu
13%
Lehtiselleri
12%
Kurttukaali
11%
Jättikurpitsa
2%
Vesikrassi
2%
Tarhapapu
1%

Tulosjakauma

Persentiili vastausten määrän mukaan

Jokaisen tuloksen saaneiden osuus

Tuloshistoriasi

Et ole pelannut tätä visaa